| 000 | 00587nam a2200217ui 4500 | ||
|---|---|---|---|
| 001 | 022693388 | ||
| 003 | UkOxU | ||
| 005 | 20230411163049.0 | ||
| 008 | 211029s2021 enk|||| | |||| ||eng d | ||
| 020 | _a9781784877453 (pbk.) | ||
| 035 | _a(StEdALDL)1/4097864 | ||
| 040 |
_aStEdALDL _beng _erda _cStEdALDL |
||
| 049 | _aCROBAR | ||
| 245 | 0 | 0 |
_aI capture the castle / _cDodie Smith. |
| 264 | 1 |
_aLondon : _bVintage, _c2021. |
|
| 336 |
_atext _2rdacontent. |
||
| 337 |
_aunmediated _2rdamedia. |
||
| 338 |
_avolume _2rdacarrier. |
||
| 942 |
_2ddc _cFIC |
||
| 999 |
_c9547 _d9548 |
||